00376nam a22001337a 450000500170000002000260001703500230004308200080006610000080007424500880008226000260017030000370019670000090023320181113153149.0 cRs 235.00a8174820744 aB-147606, B-147622 a000 aLal aUpkar's Railway recruitment board examination :cby Lal and Jainbtechnical cadre / aAgrabUpkar prakashan aVarious paging;c24x18 cm (pbk)  aJain